The Law of Partnership in India (Record no. 1311930)

MARC details
000 -LEADER
fixed length control field 00465nam a2200181Ia 4500
005 - DATE AND TIME OF LATEST TRANSACTION
control field 20250610105817.0
008 - FIXED-LENGTH DATA ELEMENTS--GENERAL INFORMATION
fixed length control field 008 250505s9999 xx 000 0 eng d
020 ## - INTERNATIONAL STANDARD BOOK NUMBER
International Standard Book Number 9789389991260
040 ## - CATALOGING SOURCE
Language of cataloging eng
Transcribing agency ILCL
041 ## - LANGUAGE CODE
Language code of text/sound track or separate title eng
Source of code eng
084 ## - COLON CLASSIFICATION NUMBER
Classification number Z2,315 R0
100 ## - MAIN ENTRY--PERSONAL NAME
Personal name Desai, S.T
245 #4 - TITLE STATEMENT
Title The Law of Partnership in India
250 ## - EDITION STATEMENT
Edition statement 8
260 ## - PUBLICATION, DISTRIBUTION, ETC.
Place of publication, distribution, etc. Haryana
Name of publisher, distributor, etc. Lexis Nexis
Date of publication, distribution, etc. 2020
300 ## - PHYSICAL DESCRIPTION
Extent cxx,615p.
942 ## - ADDED ENTRY ELEMENTS (KOHA)
Koha item type Textbook
Source of classification or shelving scheme
100 ## - MAIN ENTRY--PERSONAL NAME
-- 812341
999 ## -
-- 1311930
-- 1311930
Holdings
Withdrawn status Lost status Damaged status Not for loan Home library Current library Date acquired Source of acquisition Cost, normal purchase price Inventory number Total checkouts Full call number Barcode Date last seen Price effective from Koha item type Date due Date last checked out
        Integrated Law Course library Integrated Law Course library 7-03-24 Apple Books 1795.00 011 dt. 03-07-2024   Z2,315 R0 IL1863090 2026-03-17 2025-05-06 Textbook    
        Integrated Law Course library Integrated Law Course library 7-03-24 Apple Books 1795.00 011 dt. 03-07-2024 1 Z2,315 R0 IL1863091 2026-01-12 2025-05-06 Textbook 2026-01-26 2026-01-12
Copyright @ Delhi University Library System